000 00590nam a2200181Ia 4500
999 _c53260
_d53260
003 GCL
005 20240530105118.0
008 140319s9999 xx 000 0 ara d
040 _aGCL /
_cGCL
082 0 4 _a808.068
_bم ا
100 1 _aمحمد حسن بريغش
245 1 0 _aادب الاطفال تربية ومسئولية /
_cمحمد حسن بريغش
260 _a[S.N] :
_bدار الوفاء للطباعة والنشر والتوزيع ،
_c1992
300 _a183 ص ؛
_c22 سم
650 0 4 _aادب الاطفال
650 0 4 _aكتب الاطفال
942 _2ddc
_cBK